|
|
|
|
| LEADER |
00000nab a2200000uu 4500 |
| 001 |
vtls010903106 |
| 003 |
SK-MaSNL |
| 005 |
20260304020054.0 |
| 008 |
230222|2006 xo |||||||||||||||||eng| |
| 015 |
|
|
|a SNBRB
|
| 035 |
|
|
|a (urnnbn)urn:nbn:sk:snk:ar-a07q2t
|
| 035 |
|
|
|a (uuid)923d9330-238d-41c9-bb26-e83a68002953
|
| 035 |
|
|
|a urn:nbn:sk:snk-ab8u7s
|
| 040 |
|
|
|a SNKBUCL
|b slo
|c SNKBUCL
|e AACR2
|
| 041 |
0 |
|
|a eng
|
| 044 |
|
|
|a xo
|c SK
|
| 100 |
1 |
|
|a Lehotský, Ján,
|d 1954-
|4 aut
|9 196537
|
| 245 |
1 |
0 |
|a NIBRIN AND ITS ROLE IN MOLECULAR MECHANISMS OF THE HUMAN NIJMEGEN BREAKAGE SYNDROME (NBS)
|c Ján Lehotský, Ján Melter, Katarína Melterová, Marián Patrik, Vladimír Pohanka
|
| 700 |
1 |
|
|a Melter, Ján
|4 aut
|9 1121682
|
| 700 |
1 |
|
|a Melterová, Katarína
|4 aut
|9 1130302
|
| 700 |
1 |
|
|a Patrik, Marián
|4 aut
|9 1297454
|
| 700 |
1 |
|
|a Pohanka, Vladimír,
|d 1948-
|4 aut
|9 250759
|
| 773 |
0 |
|
|t Acta medica Martiniana : journal for biomedical sciences, clinical medicine and nursing
|g Roč. 6, č. 1 (2006), s. 8-15
|
| 958 |
|
|
|a OND
|
| 958 |
|
|
|a EUIPO
|
| 958 |
|
|
|a article10
|
| 999 |
|
|
|c 2596421
|d 2598351
|